mediterranean countries - Statistics

General Stats
  • This quiz has been taken 21 times
  • The average score is 18 of 22
Answer Stats
Answer % Correct
Algeria
100%
Albania
95%
Greece
95%
Italy
95%
Morocco
95%
Spain
95%
Bosnia And Herzogovina
90%
Croatia
90%
Cyprus
90%
Egypt
90%
Israel
90%
Libya
90%
France
85%
Tunisia
85%
Malta
80%
Turkey
80%
Lebanon
75%
Monaco
75%
Montenegro
75%
Syria
75%
Slovenia
65%
Palestine
35%
No matching quizzes found
Score Distribution
Percent of People with Each Score
Percentile by Number Answered
Your Score History
You have not taken this quiz